000 00643cab a2200217 4500
001 ABS49390
008 090401t1993 xxu||||| |||| 00| 0 eng d
035 _a(Sirsi) u71073
041 _aeng
100 _aSharp, D.
245 _aFees and fee bidding
260 _c1993
350 _a0
490 _aProfessional Practice Management
_v11(8) August 1993, 87-89(3)
520 _aDescribes the concept of fees and fee bidding for architects, surveyors and civil engineers.
650 _aFEE BIDDING
650 _aFEE COMPETITION
690 _aMANAGEMENT-BUSINESS MANAGEMENT-PROFESSIONAL PRACTICE
942 _n0
948 _c04/03/1997
999 _c44775
_d44775